000 00847nam a22001817a 4500
005 20250217154411.0
008 240822b ||||| |||| 00| 0 eng d
082 _aDPer 658.8 J826 October-December 2019 v. 117, n. 4-6
100 _aWolf, Lucas J.
_eauthor.
_958819
245 _aAnti-immigrant prejudice :
_bunderstanding the roles of (Perceived) values and value dissimilarity /
_cLucas J. Wolf, Netta Weinstein, and Gregory R. Maio.
260 _aPhiladelphia ;
_bAmerican Psychological Association,
_cNovember 2019.
300 _avolume 119, pages 925-953,
_billustration.
500 _aJournal of Personality and Social Psychology, vol. 117, n. 5, pages 925-954, November 2019.
700 _aWolf, Lucas J.
_eauthor.
_958819
700 _aWeinstein, Netta.
_eauthor.
_958820
700 _aMaio, Gregory R.
_eauthor.
_9272
942 _2ddc
_cPER
999 _c20820
_d20820